[Event "Turkish Women-ch Arzum 2022"]
[Site "Ayvalik"]
[Date "2022.03.09"]
[Round "6.25"]
[White "Turunz, Dilek"]
[Black "Mullakutukcu, Ela"]
[Result "1-0"]
[WhiteElo "1443"]
[BlackElo "1154"]
[Annotator "NA RC"]
[PlyCount "97"]
[EventDate "2022.03.04"]
[EventType "swiss"]
[EventCountry "TUR"]
[SourceTitle "playchess.com"]
[Source "ChessBase"]
[SourceQuality "1"]
[TimeControl "5400+30"]

1. c4 Nf6 2. g3 e6 3. Bg2 Be7 4. Nf3 O-O 5. O-O c5 6. Nc3 {[%emt 0:01:30]} d5 {[%emt 0:08:30]} 7. cxd5 {[%emt 0:01:30]} exd5 {[%emt 0:00:30]} 8. d4 {[%emt 0:00:30]} b6 {[%emt 0:01:30]} 9. Qb3 {[%emt 0:06:30]} c4 {[%emt 0:03:30]} 10. Qc2 {[%emt 0:02:30]} Bb7 {[%emt 0:01:30]} 11. b3 {[%emt 0:13:30]} Na6 {[%emt 0:08:30]} 12. Ne5 {[%emt 0:05:30]} cxb3 {[%emt 0:05:30]} 13. Qxb3 {[%emt 0:01:30]} Nc7 {[%emt 0:02:30]} 14. a4 {[%emt 0:03:30]} Ne6 {[%emt 0:05:30]} 15. Rd1 {[%emt 0:01:30]} a6 {[%emt 0:03:30]} 16. Rb1 {[%emt 0:01:30]} Qc7 {[%emt 0:09:30]} 17. Be3 {[%emt 0:15:30]} Rac8 {[%emt 0:05:30]} 18. Rdc1 {[%emt 0:00:30]} Qd6 {[%emt 0:02:30]} 19. Qxb6 {[%emt 0:09:30]} Qxb6 {[%emt 0:00:30]} 20. Rxb6 {[%emt 0:00:00]} Ba3 {[%emt 0:01:30]} 21. Rcb1 {[%emt 0:01:00]} Rxc3 {[%emt 0:01:30]} 22. Rxb7 {[%emt 0:01:30]} Bd6 {[%emt 0:02:30]} 23. Nd7 {[%emt 0:02:30]} Nxd7 {[%emt 0:01:30]} 24. Rxd7 {[%emt 0:00:00]} Ba3 {[%emt 0:00:30]} 25. Bxd5 {[%emt 0:01:00]} Nc7 {[%emt 0:01:30]} 26. Be4 {[%emt 0:04:30]} Re8 {[%emt 0:01:30]} 27. Bd3 {[%emt 0:00:30]} a5 {[%emt 0:00:30]} 28. Rb7 {[%emt 0:00:30]} Ne6 {[%emt 0:01:30]} 29. Rxf7 {[%emt 0:01:30]} Bf8 {[%emt 0:00:00]} 30. Rf5 {[%emt 0:01:30]} Bb4 {[%emt 0:01:00]} 31. Re5 {[%emt 0:01:30]} Bd6 {[%emt 0:00:30]} 32. Rxa5 {[%emt 0:00:30]} Nd8 {[%emt 0:00:30]} 33. Rd7 {[%emt 0:00:30]} Bb4 {[%emt 0:00:30]} 34. Ra8 {[%emt 0:00:00]} Be7 {[%emt 0:00:30]} 35. Bd2 {[%emt 0:01:00]} Ra3 {[%emt 0:00:30]} 36. Bb5 {[%emt 0:04:30]} Bf6 {[%emt 0:00:30]} 37. Ba5 {[%emt 0:00:30]} Ra1+ {[%emt 0:01:30]} 38. Kg2 {[%emt 0:00:00]} Rb1 {[%emt 0:00:00]} 39. Bxd8 {[%emt 0:01:00]} Bxd8 {[%emt 0:00:00]} 40. Rdxd8 {[%emt 0:00:00]} Kf7 {[%emt 0:00:00]} 41. Rab8 {[%emt 0:00:00]} Kf6 {[%emt 0:00:00]} 42. a5 {[%emt 0:00:00]} Kg5 {[%emt 0:00:30]} 43. a6 {[%emt 0:00:00]} Ra1 {[%emt 0:00:30]} 44. Rb7 {[%emt 0:00:30]} g6 {[%emt 0:00:30]} 45. a7 {[%emt 0:00:00]} Kh6 {[%emt 0:00:30]} 46. Bc6 {[%emt 0:00:00]} Ra6 {[%emt 0:00:00]} 47. a8=Q {[%emt 0:01:30]} Rxa8 {[%emt 0:00:00]} 48. Rxh7+ {[%emt 0:00:30]} Kxh7 {[%emt 0:00:30]} 49. Bxa8 {[%emt 0:00:00]} 1-0

[Event "Turkish Women-ch Arzum 2022"]
[Site "Ayvalik"]
[Date "2022.03.09"]
[Round "6.26"]
[White "Gulceken, Sumeyye"]
[Black "Topal, Berfin"]
[Result "1-0"]
[WhiteElo "1591"]
[BlackElo "1322"]
[Annotator "NA RC"]
[PlyCount "81"]
[EventDate "2022.03.04"]
[EventType "swiss"]
[EventCountry "TUR"]
[SourceTitle "playchess.com"]
[Source "ChessBase"]
[SourceQuality "1"]
[TimeControl "5400+30"]

1. d4 d5 2. c4 e6 3. Nc3 Nf6 4. Nf3 Nbd7 5. e3 b6 6. Bd3 Bb7 7. cxd5 Nxd5 8. e4 Nxc3 9. bxc3 Nf6 10. Qa4+ Qd7 {[%emt 0:02:30]} 11. Bb5 {[%emt 0:09:00]} c6 {[%emt 0:00:30]} 12. Bd3 {[%emt 0:00:00]} b5 {[%emt 0:04:30]} 13. Qc2 {[%emt 0:01:00]} a6 {[%emt 0:03:30]} 14. Bg5 {[%emt 0:02:30]} Be7 {[%emt 0:01:30]} 15. O-O {[%emt 0:00:30]} h6 {[%emt 0:04:30]} 16. Be3 {[%emt 0:05:30]} O-O {[%emt 0:03:30]} 17. Rfd1 {[%emt 0:03:30]} Rfd8 {[%emt 0:02:30]} 18. Qc1 {[%emt 0:09:30]} Bf8 {[%emt 0:04:30]} 19. Ne5 {[%emt 0:13:30]} Qc7 {[%emt 0:04:30]} 20. c4 {[%emt 0:08:30]} Rac8 {[%emt 0:03:30]} 21. c5 {[%emt 0:01:30]} Nd7 {[%emt 0:23:30]} 22. Nf3 {[%emt 0:05:30]} e5 {[%emt 0:06:30]} 23. a4 {[%emt 0:05:30]} Kh7 {[%emt 0:11:30]} 24. d5 {[%emt 0:03:30]} cxd5 {[%emt 0:01:30]} 25. exd5+ {[%emt 0:02:30]} g6 {[%emt 0:00:30]} 26. c6 {[%emt 0:01:30]} Ba8 {[%emt 0:03:30]} 27. axb5 {[%emt 0:09:30]} Qd6 {[%emt 0:10:00]} 28. Qb1 {[%emt 0:02:43]} Nf6 {[%emt 0:02:55]} 29. Rxa6 {[%emt 0:05:19]} Nxd5 {[%emt 0:05:03]} 30. Be4 {[%emt 0:08:45]} Nc3 {[%emt 0:02:49]} 31. Rxd6 {[%emt 0:00:30]} Nxb1 {[%emt 0:00:00]} 32. Rxd8 {[%emt 0:00:24]} Rxd8 {[%emt 0:00:00]} 33. h4 {[%emt 0:03:54]} Nc3 {[%emt 0:00:04]} 34. c7 {[%emt 0:01:12]} Rc8 {[%emt 0:01:11]} 35. Rxa8 {[%emt 0:00:51]} Rxc7 {[%emt 0:00:08]} 36. Rxf8 {[%emt 0:00:24]} Nxe4 {[%emt 0:00:03]} 37. Nxe5 {[%emt 0:00:17]} Nd6 {[%emt 0:00:33]} 38. b6 {[%emt 0:00:32]} Rb7 {[%emt 0:00:30]} 39. Bc5 {[%emt 0:01:13]} Ne4 {[%emt 0:00:25]} 40. Bd4 {[%emt 0:00:27]} Nd6 {[%emt 0:00:55]} 41. Nc4 {[%emt 0:00:44]} 1-0

[Event "Turkish Women-ch Arzum 2022"]
[Site "Ayvalik"]
[Date "2022.03.09"]
[Round "6.27"]
[White "Buyuk, Elvin Esma"]
[Black "Bassari, Senem Gul"]
[Result "1-0"]
[WhiteElo "1326"]
[BlackElo "1197"]
[Annotator "NA RC"]
[PlyCount "85"]
[EventDate "2022.03.04"]
[EventType "swiss"]
[EventCountry "TUR"]
[SourceTitle "playchess.com"]
[Source "ChessBase"]
[SourceQuality "1"]
[TimeControl "5400+30"]

1. c4 {[%emt 0:01:00]} e5 {[%emt 0:01:00]} 2. Nc3 {[%emt 0:00:30]} Nf6 {[%emt 0:00:30]} 3. e3 {[%emt 0:00:30]} d6 {[%emt 0:00:30]} 4. Nge2 {[%emt 0:00:30]} g6 {[%emt 0:00:30]} 5. g3 {[%emt 0:00:30]} Bg7 {[%emt 0:00:30]} 6. Bg2 {[%emt 0:00:30]} O-O {[%emt 0:00:30]} 7. d4 {[%emt 0:01:30]} Qe7 {[%emt 0:05:30]} 8. O-O {[%emt 0:01:30]} Nc6 {[%emt 0:01:30]} 9. d5 {[%emt 0:05:30]} Nb8 {[%emt 0:01:30]} 10. e4 {[%emt 0:01:30]} Nfd7 {[%emt 0:06:30]} 11. Be3 {[%emt 0:12:30]} f5 {[%emt 0:06:30]} 12. Qd2 {[%emt 0:12:30]} Nf6 {[%emt 0:05:30]} 13. f3 {[%emt 0:07:30]} Qf7 {[%emt 0:13:30]} 14. b4 {[%emt 0:07:30]} Bd7 {[%emt 0:23:30]} 15. c5 {[%emt 0:03:30]} Na6 {[%emt 0:04:30]} 16. Rab1 {[%emt 0:10:30]} Rae8 {[%emt 0:03:30]} 17. Qd3 {[%emt 0:11:30]} h6 {[%emt 0:08:08]} 18. c6 {[%emt 0:02:21]} Bc8 {[%emt 0:02:38]} 19. Nb5 {[%emt 0:04:02]} bxc6 {[%emt 0:08:18]} 20. Nxa7 {[%emt 0:02:22]} Nb8 {[%emt 0:00:53]} 21. Nxc6 {[%emt 0:02:45]} Nxc6 {[%emt 0:00:36]} 22. dxc6 {[%emt 0:00:05]} Qxa2 {[%emt 0:01:41]} 23. Ra1 {[%emt 0:03:10]} Qf7 {[%emt 0:00:57]} 24. Ra7 {[%emt 0:03:14]} Be6 {[%emt 0:01:42]} 25. Rf2 {[%emt 0:01:32]} Rb8 {[%emt 0:00:53]} 26. Qa3 {[%emt 0:00:50]} d5 {[%emt 0:01:06]} 27. Bc5 {[%emt 0:01:15]} Rfd8 {[%emt 0:00:37]} 28. exf5 {[%emt 0:00:49]} gxf5 {[%emt 0:00:36]} 29. Qa5 {[%emt 0:00:33]} Rdc8 {[%emt 0:00:43]} 30. b5 {[%emt 0:01:32]} Qe8 {[%emt 0:00:35]} 31. f4 {[%emt 0:01:14]} e4 {[%emt 0:00:17]} 32. Nd4 {[%emt 0:00:40]} Bf7 {[%emt 0:00:32]} 33. Nxf5 {[%emt 0:00:43]} Ng4 {[%emt 0:00:26]} 34. Re2 {[%emt 0:00:27]} Bf8 {[%emt 0:00:41]} 35. Bxf8 {[%emt 0:00:40]} Qxf8 {[%emt 0:00:12]} 36. Rxc7 {[%emt 0:00:33]} Rxc7 {[%emt 0:00:50]} 37. Qxc7 {[%emt 0:00:09]} Rxb5 {[%emt 0:00:25]} 38. Ne7+ {[%emt 0:00:20]} Kh8 {[%emt 0:00:00]} 39. Bh3 {[%emt 0:00:35]} h5 {[%emt 0:00:56]} 40. Qd6 {[%emt 0:00:26]} Qg7 {[%emt 0:00:34]} 41. Nf5 {[%emt 0:00:47]} Qg8 {[%emt 0:00:39]} 42. Bxg4 {[%emt 0:00:36]} hxg4 {[%emt 0:00:30]} 43. Qf6+ {[%emt 0:00:08]} 1-0

[Event "Turkish Women-ch Arzum 2022"]
[Site "Ayvalik"]
[Date "2022.03.09"]
[Round "6.28"]
[White "Senkal, Defne"]
[Black "Guleryuz, Zeynep"]
[Result "1-0"]
[WhiteElo "1247"]
[BlackElo "1186"]
[Annotator "NA RC"]
[PlyCount "57"]
[EventDate "2022.03.04"]
[EventType "swiss"]
[EventCountry "TUR"]
[SourceTitle "playchess.com"]
[Source "ChessBase"]
[SourceQuality "1"]
[TimeControl "5400+30"]

1. e4 {[%emt 0:01:00]} d5 {[%emt 0:01:00]} 2. exd5 {[%emt 0:00:30]} Nf6 {[%emt 0:00:30]} 3. d4 {[%emt 0:00:30]} Nxd5 {[%emt 0:00:30]} 4. c4 {[%emt 0:00:00]} Nb6 {[%emt 0:06:30]} 5. Nf3 {[%emt 0:02:00]} Bg4 {[%emt 0:03:30]} 6. Be2 {[%emt 0:02:30]} c6 {[%emt 0:06:30]} 7. b3 {[%emt 0:03:30]} e6 {[%emt 0:02:30]} 8. Bb2 {[%emt 0:03:30]} Be7 {[%emt 0:05:30]} 9. O-O {[%emt 0:01:30]} Bxf3 {[%emt 0:01:30]} 10. Bxf3 {[%emt 0:00:30]} Bf6 {[%emt 0:05:30]} 11. Na3 {[%emt 0:05:30]} a5 {[%emt 0:05:30]} 12. Nc2 {[%emt 0:01:30]} N8d7 {[%emt 0:05:30]} 13. Ne3 {[%emt 0:07:30]} a4 {[%emt 0:06:30]} 14. Qe2 {[%emt 0:08:30]} a3 {[%emt 0:20:30]} 15. Bc3 {[%emt 0:00:30]} Nf8 {[%emt 0:02:30]} 16. Rad1 {[%emt 0:08:30]} Ng6 {[%emt 0:02:30]} 17. Bb4 {[%emt 0:07:30]} Nf4 {[%emt 0:03:27]} 18. Qd2 {[%emt 0:03:30]} Nd7 {[%emt 0:03:49]} 19. Nf5 {[%emt 0:03:30]} Qc7 {[%emt 0:08:30]} 20. Nd6+ {[%emt 0:00:30]} Kd8 {[%emt 0:00:15]} 21. Qxf4 {[%emt 0:00:30]} Rg8 {[%emt 0:05:41]} 22. Nxf7+ {[%emt 0:00:30]} Kc8 {[%emt 0:00:37]} 23. Bd6 {[%emt 0:00:30]} Qa5 {[%emt 0:01:06]} 24. Ne5 {[%emt 0:00:30]} g5 {[%emt 0:00:24]} 25. Qg4 {[%emt 0:00:30]} Re8 {[%emt 0:00:38]} 26. Nxd7 {[%emt 0:00:30]} Kxd7 {[%emt 0:00:19]} 27. c5 {[%emt 0:00:30]} Qc3 {[%emt 0:00:32]} 28. Qh5 {[%emt 0:00:30]} Bd8 {[%emt 0:01:30]} 29. Qf7+ {[%emt 0:00:30]} 1-0

[Event "Turkish Women-ch Arzum 2022"]
[Site "Ayvalik"]
[Date "2022.03.09"]
[Round "6.29"]
[White "Engel, Ecrin Tuana"]
[Black "Bodur, Ilke Lal"]
[Result "1/2-1/2"]
[WhiteElo "1250"]
[BlackElo "1151"]
[Annotator "NA RC"]
[PlyCount "71"]
[EventDate "2022.03.04"]
[EventType "swiss"]
[EventCountry "TUR"]
[SourceTitle "playchess.com"]
[Source "ChessBase"]
[SourceQuality "1"]
[TimeControl "5400+30"]

1. e4 e5 2. Nf3 Nc6 3. d4 exd4 4. Nxd4 d6 5. Nc3 Nf6 6. Bc4 Be7 {[%emt 0:03:30]} 7. Nb3 {[%emt 0:08:00]} O-O {[%emt 0:03:30]} 8. O-O {[%emt 0:00:00]} a6 {[%emt 0:09:30]} 9. a4 {[%emt 0:04:00]} Be6 {[%emt 0:02:30]} 10. Nd2 {[%emt 0:16:30]} Bxc4 {[%emt 0:07:30]} 11. Nxc4 {[%emt 0:00:30]} Nxe4 {[%emt 0:08:30]} 12. Nxe4 {[%emt 0:01:30]} d5 {[%emt 0:00:30]} 13. Ncd2 {[%emt 0:00:30]} dxe4 {[%emt 0:00:30]} 14. Nxe4 {[%emt 0:00:00]} Qxd1 {[%emt 0:00:30]} 15. Rxd1 {[%emt 0:00:00]} Rad8 {[%emt 0:00:30]} 16. Bf4 {[%emt 0:00:30]} f5 {[%emt 0:04:30]} 17. Ng3 {[%emt 0:04:30]} Bd6 {[%emt 0:17:30]} 18. Bxd6 {[%emt 0:02:30]} Rxd6 {[%emt 0:00:30]} 19. Rxd6 {[%emt 0:00:30]} cxd6 {[%emt 0:00:30]} 20. Rd1 {[%emt 0:00:00]} Rf6 {[%emt 0:00:00]} 21. c3 {[%emt 0:04:00]} g6 {[%emt 0:04:00]} 22. Nf1 {[%emt 0:04:30]} Re6 {[%emt 0:04:30]} 23. Ne3 {[%emt 0:04:30]} f4 {[%emt 0:00:30]} 24. Nc4 {[%emt 0:01:30]} d5 {[%emt 0:02:30]} 25. Nd2 {[%emt 0:02:30]} Kf7 {[%emt 0:02:30]} 26. Kf1 {[%emt 0:00:30]} Ke7 {[%emt 0:00:30]} 27. Nf3 {[%emt 0:00:30]} Rd6 {[%emt 0:03:30]} 28. Ke2 {[%emt 0:08:30]} Re6+ {[%emt 0:02:30]} 29. Kd3 {[%emt 0:01:30]} Ne5+ {[%emt 0:00:30]} 30. Nxe5 {[%emt 0:00:30]} Rxe5 {[%emt 0:00:00]} 31. Rd2 {[%emt 0:00:30]} Kd6 {[%emt 0:02:00]} 32. Re2 {[%emt 0:00:30]} Rxe2 {[%emt 0:02:30]} 33. Kxe2 {[%emt 0:00:30]} a5 {[%emt 0:00:30]} 34. Kd3 {[%emt 0:00:30]} Kc5 {[%emt 0:07:35]} 35. g3 {[%emt 0:02:30]} f3 {[%emt 0:04:10]} 36. b3 {[%emt 0:02:30]} 1/2-1/2

[Event "Turkish Women-ch Arzum 2022"]
[Site "Ayvalik"]
[Date "2022.03.09"]
[Round "6.30"]
[White "Olmez, Sude"]
[Black "Ozturk, Busra"]
[Result "1-0"]
[WhiteElo "1170"]
[BlackElo "1100"]
[Annotator "NA RC"]
[PlyCount "75"]
[EventDate "2022.03.04"]
[EventType "swiss"]
[EventCountry "TUR"]
[SourceTitle "playchess.com"]
[Source "ChessBase"]
[SourceQuality "1"]
[TimeControl "5400+30"]

1. d4 d6 2. e4 Nf6 3. Nc3 g6 4. h3 {[%emt 0:01:30]} Bg7 {[%emt 0:09:30]} 5. f4 {[%emt 0:01:30]} O-O {[%emt 0:00:30]} 6. Nf3 {[%emt 0:00:00]} c5 {[%emt 0:00:30]} 7. Be3 {[%emt 0:00:00]} cxd4 {[%emt 0:00:30]} 8. Nxd4 {[%emt 0:02:30]} Re8 {[%emt 0:03:30]} 9. Nf3 {[%emt 0:00:30]} Nc6 {[%emt 0:03:30]} 10. Qd2 {[%emt 0:09:30]} e6 {[%emt 0:03:30]} 11. O-O-O {[%emt 0:06:30]} Re7 {[%emt 0:02:30]} 12. g4 {[%emt 0:01:30]} Qa5 {[%emt 0:05:30]} 13. a3 {[%emt 0:00:30]} Ne8 {[%emt 0:02:30]} 14. Nb5 {[%emt 0:05:30]} Qa4 {[%emt 0:02:30]} 15. Bd3 {[%emt 0:04:30]} a6 {[%emt 0:09:30]} 16. Nc3 {[%emt 0:04:30]} Qa5 {[%emt 0:01:30]} 17. Nb1 {[%emt 0:01:30]} Qxd2+ {[%emt 0:03:30]} 18. Nbxd2 {[%emt 0:00:30]} f5 {[%emt 0:00:00]} 19. g5 {[%emt 0:04:30]} b5 {[%emt 0:03:00]} 20. c3 {[%emt 0:00:30]} Rc7 {[%emt 0:04:30]} 21. Kb1 {[%emt 0:02:30]} Rb8 {[%emt 0:03:30]} 22. Nb3 {[%emt 0:04:30]} a5 {[%emt 0:05:30]} 23. Nbd4 {[%emt 0:00:30]} Na7 {[%emt 0:02:30]} 24. Rc1 {[%emt 0:03:30]} b4 {[%emt 0:03:30]} 25. cxb4 {[%emt 0:01:30]} axb4 {[%emt 0:00:30]} 26. a4 {[%emt 0:00:30]} Rd7 {[%emt 0:01:30]} 27. Nxe6 {[%emt 0:05:30]} Bh8 {[%emt 0:02:30]} 28. exf5 {[%emt 0:02:30]} gxf5 {[%emt 0:01:30]} 29. Bd4 {[%emt 0:04:30]} Ng7 {[%emt 0:02:30]} 30. Nxg7 {[%emt 0:01:30]} Bxg7 {[%emt 0:00:00]} 31. Bxf5 {[%emt 0:02:30]} Rf7 {[%emt 0:01:00]} 32. Bxc8 {[%emt 0:01:30]} Nxc8 {[%emt 0:01:30]} 33. Bxg7 {[%emt 0:00:30]} Kxg7 {[%emt 0:00:30]} 34. Nd4 {[%emt 0:00:30]} Nb6 {[%emt 0:04:30]} 35. b3 {[%emt 0:00:30]} Nd5 {[%emt 0:00:00]} 36. f5 {[%emt 0:00:30]} Re8 {[%emt 0:01:00]} 37. Rhe1 {[%emt 0:02:30]} Ref8 {[%emt 0:01:05]} 38. Ne6+ {[%emt 0:01:30]} 1-0

[Event "Turkish Women-ch Arzum 2022"]
[Site "Ayvalik"]
[Date "2022.03.09"]
[Round "7.1"]
[White "Isgenderova, Hayale"]
[Black "Atalik, Ekaterina"]
[Result "0-1"]
[WhiteElo "2202"]
[BlackElo "2415"]
[Annotator "ChessBase"]
[PlyCount "52"]
[EventDate "2022.03.04"]
[EventType "swiss"]
[EventCountry "TUR"]
[SourceTitle "playchess.com"]
[Source "ChessBase"]
[SourceQuality "1"]
[TimeControl "5400+30"]

1. e4 {[%emt 0:01:00]} e5 {[%emt 0:01:00]} 2. Nf3 {[%emt 0:00:30]} d6 {[%emt 0:00:30]} 3. d4 {[%emt 0:00:30]} exd4 {[%emt 0:00:00]} 4. Nxd4 {[%emt 0:04:30]} Nf6 {[%emt 0:01:00]} 5. Nc3 {[%emt 0:00:30]} g6 {[%emt 0:00:30]} 6. Be2 {[%emt 0:02:30]} Bg7 {[%emt 0:00:00]} 7. Be3 {[%emt 0:00:00]} O-O {[%emt 0:00:00]} 8. f4 {[%emt 0:10:00]} Re8 {[%emt 0:03:30]} 9. Bf3 {[%emt 0:00:00]} Nxe4 {[%emt 0:05:30]} 10. Nxe4 {[%emt 0:16:00]} d5 {[%emt 0:01:30]} 11. Nb5 {[%emt 0:04:30]} a6 {[%emt 0:13:30]} 12. Nxc7 {[%emt 0:03:30]} Qxc7 {[%emt 0:00:30]} 13. Qxd5 {[%emt 0:00:00]} Bf5 {[%emt 0:06:30]} 14. Qxb7 {[%emt 0:08:00]} Qxb7 {[%emt 0:00:30]} 15. Nf6+ {[%emt 0:00:30]} Bxf6 {[%emt 0:00:30]} 16. Bxb7 {[%emt 0:00:00]} Ra7 {[%emt 0:00:30]} 17. Bf3 {[%emt 0:04:00]} Rxe3+ {[%emt 0:01:30]} 18. Kf2 {[%emt 0:00:00]} Rae7 {[%emt 0:00:30]} 19. Rad1 {[%emt 0:00:00]} Nd7 {[%emt 0:01:30]} 20. c4 {[%emt 0:00:30]} Nc5 {[%emt 0:01:30]} 21. Rd6 {[%emt 0:01:30]} Bh4+ {[%emt 0:02:30]} 22. g3 {[%emt 0:00:30]} Nd3+ {[%emt 0:01:30]} 23. Kg2 {[%emt 0:01:30]} Ne1+ {[%emt 0:00:30]} 24. Rxe1 {[%emt 0:00:30]} Rxe1 {[%emt 0:00:30]} 25. gxh4 {[%emt 0:00:00]} Be4 {[%emt 0:01:30]} 26. Bxe4 {[%emt 0:03:00]} R7xe4 {[%emt 0:00:30]} 0-1

[Event "Turkish Women-ch Arzum 2022"]
[Site "Ayvalik"]
[Date "2022.03.09"]
[Round "7.2"]
[White "Ince, Safiye Oyku"]
[Black "Onur, Cigdem"]
[Result "1/2-1/2"]
[WhiteElo "1893"]
[BlackElo "2012"]
[Annotator "ChessBase"]
[PlyCount "110"]
[EventDate "2022.03.04"]
[EventType "swiss"]
[EventCountry "TUR"]
[SourceTitle "playchess.com"]
[Source "ChessBase"]
[SourceQuality "1"]
[TimeControl "5400+30"]

1. e4 {[%emt 0:05:00]} c5 {[%emt 0:03:00]} 2. Nf3 {[%emt 0:00:30]} Nc6 {[%emt 0:00:30]} 3. d4 {[%emt 0:00:30]} cxd4 {[%emt 0:00:30]} 4. Nxd4 {[%emt 0:00:30]} Nf6 {[%emt 0:00:00]} 5. Nc3 {[%emt 0:00:00]} e6 {[%emt 0:00:00]} 6. g3 {[%emt 0:00:00]} Bb4 {[%emt 0:00:30]} 7. Bg2 {[%emt 0:00:00]} O-O {[%emt 0:15:30]} 8. O-O {[%emt 0:00:00]} d6 {[%emt 0:20:30]} 9. Nb3 {[%emt 0:20:30]} Qe7 {[%emt 0:16:30]} 10. a4 {[%emt 0:16:30]} Rd8 {[%emt 0:04:30]} 11. Na2 {[%emt 0:05:30]} Bc5 {[%emt 0:08:30]} 12. Bg5 {[%emt 0:01:30]} h6 {[%emt 0:01:30]} 13. Bxf6 {[%emt 0:01:30]} Qxf6 {[%emt 0:00:30]} 14. Nc3 {[%emt 0:00:00]} Ne5 {[%emt 0:10:52]} 15. Qe2 {[%emt 0:03:00]} Bb4 {[%emt 0:05:33]} 16. Nd1 {[%emt 0:06:30]} Bc5 {[%emt 0:03:59]} 17. Nxc5 {[%emt 0:06:30]} dxc5 {[%emt 0:00:05]} 18. f4 {[%emt 0:00:00]} Nc6 {[%emt 0:01:07]} 19. c3 {[%emt 0:01:00]} e5 {[%emt 0:02:21]} 20. f5 {[%emt 0:00:30]} Ne7 {[%emt 0:01:21]} 21. Ne3 {[%emt 0:00:30]} Qa6 {[%emt 0:01:05]} 22. Qh5 {[%emt 0:06:30]} f6 {[%emt 0:00:30]} 23. Rfd1 {[%emt 0:00:30]} Bd7 {[%emt 0:01:08]} 24. Bf1 {[%emt 0:00:00]} Qc6 {[%emt 0:01:36]} 25. Bc4+ {[%emt 0:00:00]} Kh7 {[%emt 0:00:05]} 26. Ng4 {[%emt 0:01:30]} Be8 {[%emt 0:00:49]} 27. Bf7 {[%emt 0:00:30]} Bxf7 {[%emt 0:00:55]} 28. Qxf7 {[%emt 0:00:30]} Ng8 {[%emt 0:00:32]} 29. Rd5 {[%emt 0:01:30]} Rxd5 {[%emt 0:00:30]} 30. exd5 {[%emt 0:00:00]} Qb6 {[%emt 0:00:23]} 31. Rd1 {[%emt 0:02:00]} Rd8 {[%emt 0:00:18]} 32. Nf2 {[%emt 0:00:30]} Qxb2 {[%emt 0:00:39]} 33. d6 {[%emt 0:01:30]} Qb6 {[%emt 0:00:07]} 34. c4 {[%emt 0:00:30]} Qc6 {[%emt 0:00:14]} 35. d7 {[%emt 0:00:30]} h5 {[%emt 0:00:53]} 36. Qg6+ {[%emt 0:02:30]} Kh8 {[%emt 0:00:30]} 37. Qxh5+ {[%emt 0:00:30]} Nh6 {[%emt 0:00:00]} 38. Rd6 {[%emt 0:00:30]} Qxd6 {[%emt 0:00:20]} 39. Qe8+ {[%emt 0:00:30]} Rxe8 {[%emt 0:00:30]} 40. dxe8=Q+ {[%emt 0:00:00]} Kh7 {[%emt 0:00:00]} 41. Qg6+ {[%emt 0:00:00]} Kg8 {[%emt 0:00:12]} 42. Qe8+ {[%emt 0:00:30]} Qf8 {[%emt 0:00:29]} 43. Qe6+ {[%emt 0:00:00]} Qf7 {[%emt 0:02:13]} 44. Qc8+ {[%emt 0:00:00]} Kh7 {[%emt 0:00:30]} 45. Qxc5 {[%emt 0:00:30]} Nxf5 {[%emt 0:00:00]} 46. Qxa7 {[%emt 0:00:00]} Qxc4 {[%emt 0:00:04]} 47. Qxb7 {[%emt 0:00:00]} Qxa4 {[%emt 0:00:59]} 48. Qb1 {[%emt 0:00:30]} g6 {[%emt 0:00:00]} 49. Qb7+ {[%emt 0:00:30]} Ng7 {[%emt 0:00:01]} 50. Ne4 {[%emt 0:00:00]} Qa1+ {[%emt 0:01:28]} 51. Kg2 {[%emt 0:00:00]} Qa2+ {[%emt 0:00:30]} 52. Kg1 {[%emt 0:00:30]} Qa1+ {[%emt 0:00:30]} 53. Kg2 {[%emt 0:00:30]} Qa2+ {[%emt 0:00:30]} 54. Kg1 {[%emt 0:00:00]} Qe6 {[%emt 0:00:00]} 55. Qc7 {[%emt 0:00:00]} Qf5 {[%emt 0:00:46]} 1/2-1/2